| 000 | 00629nam a2200121 4500 | ||
|---|---|---|---|
| 008 | 240809b |||||||| |||| 00| 0 eng d | ||
| 022 | _a2278-1633 | ||
| 245 |
_aगाँधी दर्शन अंतिम जन _cजवाला प्रसाद द्वारा सम्पादित |
||
| 260 |
_aनई दिल्ली _bगाँधी स्मृति एवम दर्शन समिति,राजघाट _cजून 2024 |
||
| 300 |
_aवर्ष 07, _c27cm |
||
| 700 |
_aजवाला प्रसाद / _eद्वारा सम्पादित _969826 |
||
| 942 |
_2ddc _cSR _mअंतिम |
||
| 999 |
_c204982 _d204982 |
||